000 00769nam a2200289Ia 4500
005 20260324133813.0
008 008 260324s9999 xx 000 0 eng d
020 _a9781315196954
037 _aEBOOK
040 _aCRL
040 _beng
040 _cCRL
041 _2eng
041 _aeng
084 _qCRL
100 _aAlan Wren
_91194458
245 0 _aProject Management A-Z: A Compendium of Project Management Techniques and How to Use Them
245 2 _bA Compendium of Project Management Techniques and How to Use Them
260 _bTaylor and Francis
260 _c2003
365 _a
365 _b230
856 _uhttp://www.taylorfrancis.com/books/9781315196954
942 _cEBOOK
999 _c1793881
_d1793881